NUTELLA WORLD 50 YEARS OF INNOVATION (Record no. 29122)

MARC details
000 -LEADER
fixed length control field 00349nam a2200133Ia 4500
008 - FIXED-LENGTH DATA ELEMENTS--GENERAL INFORMATION
fixed length control field 240624s9999 xx 000 0 und d
041 ## - LANGUAGE CODE
Language code of text/sound track or separate title eng
082 ## - DEWEY DECIMAL CLASSIFICATION NUMBER
Classification number 658.4063 PAD
100 ## - MAIN ENTRY--PERSONAL NAME
Personal name PADOVANI GICI
245 ## - TITLE STATEMENT
Title NUTELLA WORLD 50 YEARS OF INNOVATION
260 ## - PUBLICATION, DISTRIBUTION, ETC.
Date of publication, distribution, etc. 2014
Place of publication, distribution, etc. New York
Name of publisher, distributor, etc. Rizzoli Ex Libris
300 ## - PHYSICAL DESCRIPTION
Extent viii, 308 p.; 22 cm.
365 ## - TRADE PRICE
Currency code
Price amount 38
Holdings
Withdrawn status Lost status Damaged status Not for loan Home library Current library Shelving location Date acquired Cost, normal purchase price Total Checkouts Full call number Barcode Date last seen Date last checked out Copy number Price effective from Koha item type
        IMTN IMTN Rack 31-B 08/21/2017 24.95 2 658.4063 PAD 29122 08/06/2024 08/05/2024 66.7 06/24/2024 Books
Designed & Maintained by: LRC IMT Nagpur Contact: lrc@imtnag.ac.in© 2024. All Rights Reserved.